| 000 | 004920000a22001690004500 | ||
|---|---|---|---|
| 003 | MACL | ||
| 005 | 20151227133558.0 | ||
| 008 | 151227b xxu||||| |||| 00| 0 eng d | ||
| 040 |
_aMACL _cmacl |
||
| 041 | _aEnglish | ||
| 082 | _a016 | ||
| 100 |
_aNarahari, H G _923219 |
||
| 245 |
_aDescriptive Catalogue of Sanskrit Manuscripts in The Adyar Library _bvol 5 Kavya Nataka and Alankara |
||
| 260 |
_bThe Adyar Library _c1951 _aMadras |
||
| 650 |
_aCatalogue _923108 |
||
| 942 |
_cBK _k016/NAR _2ddc |
||
| 999 |
_c38884 _d38884 |
||